=LDR 00000nam 2200000 4500 =001 INLIS000000000021687 =005 20200416015034 =035 ##$$a 0010-061300000021687 =008 200416################g##########0#ind## =041 ##$$a Ind =082 ##$$a 2x2. 11 =090 ##$$a 2x7.11, Kar m =100 ##$$a Kartanegara, Mulyadhi =245 1#$$a Menembus batas waktu panorama filsafat islam /$c Mulyadhi Kartanegara =260 ##$$a Jakarta :$b Mizan,$c 2002 =300 ##$$a xxvi, 203 hlm ; $c 15,5 x 23, 5 cm =650 #4$$a Filsafat islam =850 ##$$a NBPNMAT =020 ##$$a 979-433-305-0 =084 ##$$a 2x2. 11 KAR m =250 ##$$a Cet. 1 =504 ##$$a Indeks : hlm. 197-203 =990 ##$$a 169.974/Pb.2002 =990 ##$$a 169.974/Pb- 2002 =990 ##$$a 0001/BPAP-NTB/20142014